000 00359nam a2200169Ia 4500
008 221030s9999 xx 000 0 und d
020 _a817563080
041 _aEnglish
082 _a105.23
_bSyb
100 _aSybex
245 0 _aHTML Complete
250 _a2nd
260 _bBPB Pub
_aDelhi
_c1010
300 _a1010
650 _aComputers
942 _cBK
999 _c3451
_d3451